000 00848nam a2200253 i 4500
001 49363
003 ES-MaACL
005 20230906161933.0
007 t|
008 030715s1958 sp f ||||1| spa d
080 _a937"-../00"
100 1 _aCorti, Egon Caesar
_cconte.
_940928
245 1 0 _aMuerte y resurrección de Pompeya y Herculano /
_cEgon Caesar Corti ; [traducción del alemán por Tristán La Rosa].
250 _a1ª ed.
260 _aBarcelona :
_bDestino,
_c1958 (
_fClarasó)
300 _a247 p., 40 lám. :
_bil. ;
_c22 cm.
490 1 _aSer o no ser. Biografías
651 4 _aPompeya (Ciudad desaparecida)
_9149648
651 _aHerculano (Ciudad desaparecida)
_9163498
700 1 _aLa Rosa, Tristán.
_969179
830 1 _aSer o no ser. Biografías
_9182266
852 _aES-MaACL
_jC-17233
999 _c49363
_d49363